Bridge Procedures Guide / (Record no. 685)

000 -LEADER
fixed length control field 00701nam a2200241 a 4500
008 - FIXED-LENGTH DATA ELEMENTS--GENERAL INFORMATION
fixed length control field 190719s2007 xxka|||g||||||||| ||eng||
020 ## - INTERNATIONAL STANDARD BOOK NUMBER
Terms of availability £ 81.00
040 ## - CATALOGING SOURCE
Original cataloging agency IMU Kochi Library
Language of cataloging eng
041 0# - LANGUAGE CODE
Language code of text/sound track or separate title eng
044 ## - COUNTRY OF PUBLISHING/PRODUCING ENTITY CODE
MARC country code United Kingdom
082 04 - DEWEY DECIMAL CLASSIFICATION NUMBER
Edition number 23
Classification number 623.888
Item number In821/B
110 ## - MAIN ENTRY--CORPORATE NAME
Corporate name or jurisdiction name as entry element International Chamber of Shipping (London)
245 #0 - TITLE STATEMENT
Title Bridge Procedures Guide /
250 ## - EDITION STATEMENT
Edition statement 4th ed.
260 ## - PUBLICATION, DISTRIBUTION, ETC. (IMPRINT)
Place of publication, distribution, etc London :
Name of publisher, distributor, etc Marisec Publications,
Date of publication, distribution, etc 2007
300 ## - PHYSICAL DESCRIPTION
Extent 113 p. :
Other physical details ill. ;
Dimensions 29.5 cm +
Accompanying material 1 CD-ROM
504 ## - BIBLIOGRAPHY, ETC. NOTE
Bibliography, etc Includes bibliographical references.
650 ## - SUBJECT ADDED ENTRY--TOPICAL TERM
Topical term or geographic name as entry element Navigation
General subdivision Safety measures
650 ## - SUBJECT ADDED ENTRY--TOPICAL TERM
Topical term or geographic name as entry element Ships
General subdivision Safety measures
852 ## - LOCATION/CALL NUMBER
Location IMU Kochi Library
904 ## - LOCAL DATA ELEMENT D, LDD (RLIN)
CATALOGER Shine Joy
942 ## - ADDED ENTRY ELEMENTS (KOHA)
Item type Books
Holdings
Withdrawn status Lost status Source of classification or shelving scheme Damaged status Not for loan Collection code Permanent location Current location Shelving location Date acquired Source of acquisition Cost, normal purchase price Total Checkouts Full call number Barcode Date last seen Date last borrowed Koha item type Public note
          Nautical Science IMU Kochi Library IMU Kochi Library Reference 2012-11-02 M/S Sterling Book House (Inv. No. 1538 Dt 2012-11-10) 7411.50 3 623.888 In821/B BK000505 2023-08-03 2023-08-03 Books Shelf-4, Row-4
          Nautical Science IMU Kochi Library IMU Kochi Library Staff Office 2012-11-02 Accompanying Material (free with textbook)     623.888 In821/B CD 000505CD 2020-09-11   Compact Disc Circulation Sec, Drawer No.4


Copyright © All Rights Reserved by Indian Maritime University, Kochi Campus.
For any Suggestions/Query Contact to library or Email: library.kochi@imu.ac.in Ph:(0484)-2989402
(Web OPAC Designed by Rudra Ranjan. Maintained by IMU Kochi Library)

Powered by Koha